000 00827nam a2200241Ia 4500
003 GCL
008 140319s9999 xx 000 0 ara d
020 _a3350299953
040 _aGCL /
_cGCL
082 0 4 _a616.71
_bهـ ت
100 1 _aهودجسون، ستيفن
245 1 0 _aترقق العظم :
_bالمحافظة على صحة العظام وقوتها والتخفيف من اخطار الكسور /
_cهودجسون، ستيفن
250 _aالاولى
260 _aبيروت :
_bالدار العربية للعلوم ،
_c2003
300 _a239 ص ؛
_c24 سم
490 _aمايو كلينيك
_v0
650 0 4 _aالعظام
650 0 4 _aالعظام - امراض
650 0 4 _aالعظام - لين
650 0 4 _aالعظام - كسور
650 0 4 _aالعظام - اشعة
942 _2ddc
_cBK
999 _c8052
_d8052